Nghiên cứu khả năng chống chịu bệnh vàng lá greening của năm giống cây có múi thương phẩm ở Đồng bằng sông Cửu Long : Chuyên ngành Công nghệ sinh học

Đề tài nghiên khảo sát dòng vi khuẩn Candidatus liberibacter asiaticus gây bệnh vàng lá greening trên cây có múi ở ĐBSCL ở mức độ phân tử. Khảo sát ảnh hưởng của bệnh VLG đến sinh trưởng của 5 giống cam sành, quýt đường, bưởi da xanh, cam mật....

সম্পূর্ণ বিবরণ

সংরক্ষণ করুন:
গ্রন্থ-পঞ্জীর বিবরন
প্রধান লেখক: Thạch, Thị Ngọc Yến
বিন্যাস: গ্রন্থ
ভাষা:Undetermined
প্রকাশিত: Cần Thơ Trường Đại học Cần Thơ 2009
বিষয়গুলি:
ট্যাগগুলো: ট্যাগ যুক্ত করুন
কোনো ট্যাগ নেই, প্রথমজন হিসাবে ট্যাগ করুন!
Thư viện lưu trữ: Trung tâm Học liệu Trường Đại học Cần Thơ
LEADER 01414nam a2200229Ia 4500
001 CTU_154287
008 210402s9999 xx 000 0 und d
082 |a 634.04932 
082 |b Y254 
088 |a 60420201 
100 |a Thạch, Thị Ngọc Yến 
245 0 |a Nghiên cứu khả năng chống chịu bệnh vàng lá greening của năm giống cây có múi thương phẩm ở Đồng bằng sông Cửu Long : 
245 0 |b Chuyên ngành Công nghệ sinh học 
245 0 |c Thạch Thị Ngọc Yến; Lê Thị Thu Hồng, Katsuya Ichinose (Hướng dẫn khoa học) 
260 |a Cần Thơ 
260 |b Trường Đại học Cần Thơ 
260 |c 2009 
520 |a Đề tài nghiên khảo sát dòng vi khuẩn Candidatus liberibacter asiaticus gây bệnh vàng lá greening trên cây có múi ở ĐBSCL ở mức độ phân tử. Khảo sát ảnh hưởng của bệnh VLG đến sinh trưởng của 5 giống cam sành, quýt đường, bưởi da xanh, cam mật. Khảo sát phản ứng của 5 giống đã qua lây nhiễm vi khuẩn,... 
650 |a Citrus,Agricultural biotechnology,Cây có múi 
650 |x Diseases and pests,Côn trùng và bệnh hại 
904 |i Năm 
980 |a Trung tâm Học liệu Trường Đại học Cần Thơ